000 00292nam a22001337a 4500
008 171010b xxu||||| |||| 00| 0 eng d
020 _a9780205665716
041 _aeng
080 _a316
100 _a50
101 _aSOC
245 _aJUVENILE DELIQUENCY
_cTHOMPSON, W.E
942 _2udc
_cBK
999 _c32798
_d32798